M quinas el‚ctricas : operación en estado estacionario / S. A. Nasar, I. Boldea (Registro nro. 12457)
[ vista simple ]
| 000 -LÍDER | |
|---|---|
| fixed length control field | 00484nam a2200157 4500 |
| 008 - ELEMENTOS DE LONGITUD FIJA -- INFORMACIÓN GENERAL | |
| fixed length control field | 01993 1993 0a 000 0MEX |
| 020 ## - NÚMERO INTERNACIONAL NORMALIZADO PARA LIBROS | |
| ISBN | 968-26-1231-4 |
| 050 ## - SIGNATURA TOPOGRAFICA DE LA BIBLIOTECA DEL CONGRESO (LC) | |
| Número de Clasificación | TK1782 N242 1993 |
| 082 ## - NUMERO DE CLASIFICACION DECIMAL DEWEY | |
| Número de Clasificación | 621.313 N336om |
| 100 ## - ASIENTO PRINCIPAL--NOMBRE PERSONAL | |
| Nombre personal | Nasar, S. A. |
| 245 ## - TÍTULO | |
| Título | M quinas el‚ctricas : operación en estado estacionario / S. A. Nasar, I. Boldea |
| 260 ## - PUBLICACIÓN, DISTRIBUCIÓN, ETC. (PIE DE IMPRENTA) | |
| Lugar de publicación, distribución, etc. | México : Continental |
| 300 ## - DESCRIPCIÓN FÍSICA | |
| Extensión | vii, 250 p. / 23 cm. |
| 650 ## - ASIENTO SECUNDARIO DE MATERIA - TERMINO TEMÁTICO | |
| Término temático o nombre geográfico como elemento de entrada | 1.MAQUINARIA ELECTRICA |
| 700 ## - ASIENTO SECUNDARIO - NOMBRE PERSONAL | |
| Nombre personal | Boldea I. Coaut. |
| No. biblioteca | No. biblioteca | Número de clasificación | Código de barras/Número de adquisición | Número de copia | Tipo de material |
|---|---|---|---|---|---|
| LUIS G. INCLAN | LUIS G. INCLAN | 621.313 N336om | 38676 | 1 | Libros |
| LUIS G. INCLAN | LUIS G. INCLAN | 621.313 N336om | 38677 | 2 | Libros |
| LUIS G. INCLAN | LUIS G. INCLAN | 621.313 N336om | 38678 | 3 | Libros |
